Music Quiz

Random Music Quiz

Pop Tunes from 1980s and 2010s Quiz Stats

 Plays Quiz not verified by Sporcle

Score 0/20 Timer 06:00
0 Plays Today
Hints Song Title % Correct
Never gonna say goodbye.....Never Gonna Give You Up
85.2%
Song usually played when you win somethingWe are the Champions
81.5%
It's going to take a lot to drag me away....Africa
70.4%
Shot through the heartYou Give Love A Bad Name
70.4%
Title translates to 'Slowly' in English Despacito
70.4%
Also a type of lizard that gives you karmaKarma Chameleon
66.7%
Reading books of old....Something Just Like This
59.3%
Shook being the keywordYou Shook Me All Night Long
55.6%
I just want to be part of....Symphony
48.1%
You pick me up....Believer
44.4%
Hints Song Title % Correct
It's the code wordWord Up
37%
There's a line about magnetic forcesShape Of You
37%
Nothing holding him back...There's Nothing Holdin' Me Back
37%
Marty McFlyThe Power Of Love
33.3%
She doesn't want to hear sad songs Your Song
33.3%
I've got the keys to the universeMama
25.9%
Share the spice of life....Let's Groove
18.5%
Near a tree, by a river, there's a hole in the ground...The Riddle
11.1%
You can't stop the tears....Call On Me
7.4%
I'm bigger than the night skyGiants
3.7%

You're not logged in!

Compare scores with friends on all Sporcle quizzes.
OR
Log In

Sporcle TV

Today on Sporcle TV


Watch our educational content, quiz creation guides, and fun videos on Sporcle TV.

Show Comments

Extras

Created Sep 16, 2017ReportNominate
Tags:Music Tracks

Top Quizzes Today


Score Distribution

Your Account Isn't Verified!

In order to create a playlist on Sporcle, you need to verify the email address you used during registration. Go to your Sporcle Settings to finish the process.

Report this User

Report this user for behavior that violates our Community Guidelines.

Details: